[Event "N�-LL 2007_08"]
[Site "?"]
[Date "2008.03.30"]
[Round "11"]
[White "Rumpl, Erwin"]
[Black "Trkulja, Zoran"]
[Result "0-1"]
[WhiteElo "2286"]
[BlackElo "2199"]
[Annotator "Bisamberg/Korneuburg : Amstetten"]
[PlyCount "80"]
[EventDate "2007.10.10"]
[SourceDate "2008.04.07"]

1. e4 e6 2. d3 d5 3. Nd2 Nf6 4. Ngf3 Be7 5. g3 O-O 6. Bg2 c5 7. O-O Nc6 8. Re1
b5 9. e5 Nd7 10. Nf1 a5 11. h4 b4 12. Bf4 Ba6 13. N1h2 a4 14. a3 bxa3 15. bxa3
c4 16. d4 c3 17. Ng5 Qe8 18. Bh3 Kh8 19. Re3 Rc8 20. Rxc3 h6 21. Qh5 Bxg5 22.
hxg5 Nxd4 23. Rxc8 Qxc8 24. gxh6 g6 25. Qd1 Ne2+ 26. Kh1 Nxf4 27. gxf4 Qc3 28.
Nf3 Be2 29. Qxe2 Qxa1+ 30. Kg2 Qxa3 31. Qb5 Nc5 32. Ng5 Ne4 33. Nxe6 fxe6 34.
Qd7 Rg8 35. f3 Nd2 36. Bg4 Qc1 37. Qe7 Qf1+ 38. Kh2 Qf2+ 39. Kh3 Nf1 40. Qf6+
Kh7 {Rest nicht lesbar} 0-1

[Event "N�-LL 2007_08"]
[Site "?"]
[Date "2008.03.30"]
[Round "11"]
[White "Sadilek, Peter"]
[Black "Wadsack, Wolfgang"]
[Result "1-0"]
[WhiteElo "2110"]
[BlackElo "2210"]
[Annotator "Bisamberg/Korneuburg : Amstetten"]
[PlyCount "69"]
[EventDate "2007.10.10"]
[SourceDate "2008.04.07"]

1. d4 d5 2. c4 dxc4 3. e3 e5 4. Bxc4 exd4 5. exd4 Bb4+ 6. Nc3 Nf6 7. Nge2 O-O
8. O-O c6 9. Bg5 Be7 10. Ng3 h6 11. Be3 Nd5 12. Bxd5 cxd5 13. Qb3 Nc6 14. Qxd5
Be6 15. Qf3 Nxd4 16. Qxb7 Nc2 17. Rad1 Qe8 18. Bf4 Bc4 19. Nf5 Bc5 20. Bd6 Bxf1
21. Bxc5 Bc4 22. Bxf8 Qxf8 23. Qe4 Be6 24. Qxc2 Qb4 25. Nd4 Bg4 26. f3 Rd8 27.
Qf2 Bh5 28. Qh4 Rd7 29. Qxh5 Rxd4 30. Re1 Rd8 31. Qb5 Qd4+ 32. Kh1 Qf2 33. Re8+
Rxe8 34. Qxe8+ Kh7 35. Qe2 1-0

[Event "N�-LL 2007_08"]
[Site "?"]
[Date "2008.03.30"]
[Round "11"]
[White "Bachmayer, Josef"]
[Black "Wetscherek, Gerhard"]
[Result "1/2-1/2"]
[WhiteElo "2084"]
[BlackElo "2070"]
[Annotator "Bisamberg/Korneuburg : Amstetten"]
[PlyCount "57"]
[EventDate "2007.10.10"]
[SourceDate "2008.04.07"]

1. d4 Nf6 2. Nc3 g6 3. Bg5 Bg7 4. Qd2 h6 5. Bf4 d6 6. h4 c6 7. e3 b5 8. Bd3 a6
9. Nf3 Bg4 10. Ne2 Nbd7 11. Bh2 c5 12. c3 Qb6 13. e4 Bxf3 14. gxf3 cxd4 15.
cxd4 e5 16. d5 Rc8 17. O-O O-O 18. Rfc1 Nh5 19. Rc2 Rxc2 20. Qxc2 Nc5 21. Rc1
Qd8 22. b4 Nxd3 23. Qxd3 Qxh4 24. Rc6 f5 25. Rxd6 Qg5+ 26. Kf1 Qh4 27. Kg2 Qg5+
28. Kf1 Qh4 29. Kg2 1/2-1/2

[Event "N�-LL 2007_08"]
[Site "?"]
[Date "2008.03.30"]
[Round "11"]
[White "Pammer, Andreas"]
[Black "Kreischer, Georg"]
[Result "1-0"]
[WhiteElo "2084"]
[BlackElo "2042"]
[Annotator "Bisamberg/Korneuburg : Amstetten"]
[PlyCount "71"]
[EventDate "2007.10.10"]
[SourceDate "2008.04.07"]

1. c4 Nf6 2. Nc3 c5 3. Nf3 g6 4. d4 cxd4 5. Nxd4 Bg7 6. e4 d6 7. Be2 O-O 8. Be3
Nbd7 9. f3 Nc5 10. Qd2 Ne6 11. Nc2 b6 12. Rc1 Bb7 13. O-O Qd7 14. Rfd1 Rfd8 15.
Nb4 Nf8 16. Nbd5 Ne8 17. b4 Rdb8 18. Nb5 Bxd5 19. cxd5 Rb7 20. Rc6 e5 21. Rdc1
Qe7 22. Rc8 Rab8 23. Nxa7 Rxc8 24. Nxc8 Qd8 25. Rc6 f5 26. Nxb6 fxe4 27. fxe4
Nf6 28. Bf3 Qb8 29. a4 g5 30. g3 g4 31. Bg2 Ra7 32. a5 Kf7 33. b5 Kg6 34. a6
Qe8 35. Nc8 Rd7 36. a7 1-0

[Event "N�-LL 2007_08"]
[Site "?"]
[Date "2008.04.13"]
[Round "12"]
[White "Trkulja, Zoran"]
[Black "Wukits, Rene"]
[Result "1-0"]
[WhiteElo "2199"]
[BlackElo "2254"]
[Annotator "Schwarzatal : Bisamberg/Korneuburg"]
[PlyCount "59"]
[EventDate "2007.10.10"]
[SourceDate "2008.04.14"]

1. e4 c5 2. Nf3 d6 3. d4 cxd4 4. Nxd4 Nf6 5. Nc3 g6 6. f4 Bg7 7. Nf3 O-O 8. Bd3
Bg4 9. O-O Qb6+ 10. Kh1 Nc6 11. Qe1 Bxf3 12. gxf3 e6 13. Be3 Qc7 14. Qh4 Nh5
15. f5 Qd8 16. Bg5 Bf6 17. f4 Bxg5 18. fxg5 h6 19. f6 hxg5 20. Qxg5 Qa5 21. Nb5
Qb4 22. Nc7 Rac8 23. Nxe6 Rfe8 24. Nf4 Re5 25. Qh6 Nxf6 26. Nxg6 Rh5 27. Qf4
Qxb2 28. e5 Nxe5 29. Nxe5 Qxe5 30. Qxe5 1-0

[Event "N�-LL 2007_08"]
[Site "?"]
[Date "2008.04.13"]
[Round "12"]
[White "Csonka, Attila"]
[Black "Sadilek, Peter"]
[Result "0-1"]
[WhiteElo "2312"]
[BlackElo "2110"]
[Annotator "Schwarzatal : Bisamberg/Korneuburg"]
[PlyCount "48"]
[EventDate "2007.10.10"]
[SourceDate "2008.04.14"]

1. e4 e5 2. Nf3 d6 3. d4 exd4 4. Nxd4 Nf6 5. Nc3 Be7 6. f3 d5 7. e5 Nfd7 8. e6
Nf6 9. exf7+ Kxf7 10. Bf4 a6 11. Qd2 c5 12. Nb3 b5 13. O-O-O Be6 14. g4 b4 15.
Nb1 a5 16. Qf2 Qb6 17. Bh3 a4 18. N3d2 Nc6 19. Rde1 b3 20. axb3 Nb4 21. Nc3
axb3 22. Nxb3 d4 23. Rxe6 Qxe6 24. Re1 Qxb3 0-1

[Event "N�-LL 2007_08"]
[Site "?"]
[Date "2008.04.13"]
[Round "12"]
[White "Wetscherek, Gerhard"]
[Black "Degen, Gerhard"]
[Result "1/2-1/2"]
[WhiteElo "2070"]
[BlackElo "2095"]
[Annotator "Schwarzatal : Bisamberg/Korneuburg"]
[PlyCount "51"]
[EventDate "2007.10.10"]
[SourceDate "2008.04.14"]

1. e4 c6 2. d4 d5 3. e5 c5 4. c3 Nc6 5. Nf3 Bg4 6. Nbd2 e6 7. a3 a6 8. Be2 Be7
9. b4 c4 10. Nf1 Bf5 11. Ng3 Bg6 12. h4 h6 13. h5 Bh7 14. Qd2 b5 15. a4 Qb8 16.
Qf4 Bc2 17. Qg4 Bf8 18. axb5 axb5 19. Rxa8 Qxa8 20. O-O Nge7 21. Nh4 g6 22.
hxg6 Nxg6 23. Nxg6 Bxg6 24. f4 h5 25. Qh3 Ne7 26. Qh4 1/2-1/2

[Event "N�-LL 2007_08"]
[Site "?"]
[Date "2008.04.13"]
[Round "12"]
[White "Braun, Karl Heinz"]
[Black "Kretschy, Erich"]
[Result "1-0"]
[WhiteElo "2036"]
[BlackElo "2005"]
[Annotator "Schwarzatal : Bisamberg/Korneuburg"]
[PlyCount "65"]
[EventDate "2007.10.10"]
[SourceDate "2008.04.14"]

1. e4 c6 2. d4 d5 3. Nc3 dxe4 4. Bc4 Nf6 5. Nge2 Bg4 6. Bg5 Nbd7 7. h3 Bxe2 8.
Bxe2 Qa5 9. Qd2 e6 10. Bxf6 Nxf6 11. Nxe4 Qxd2+ 12. Nxd2 g6 13. O-O Bg7 14. Nb3
O-O 15. a4 Rfd8 16. Rfd1 Rd6 17. Bf3 Rad8 18. c3 Ne8 19. Nc5 Rb8 20. Re1 Nc7
21. Re2 Rdd8 22. g3 Bf8 23. Ne4 Kg7 24. a5 h6 25. Nd2 c5 26. Nb3 cxd4 27. Nxd4
Bd6 28. a6 e5 29. Nb3 b6 30. Nd2 f5 31. Bb7 Kf6 32. Kg2 Ne6 33. b4 1-0

[Event "N�-LL 2007/08"]
[Site "?"]
[Date "2008.04.13"]
[Round "12"]
[White "Schroll, Gerhard"]
[Black "Svanda, Pavel"]
[Result "1-0"]
[WhiteElo "2386"]
[BlackElo "2246"]
[Annotator "Waidhofen : Wr.Neustadt"]
[PlyCount "109"]
[EventDate "2008.??.??"]
[SourceDate "2008.04.13"]

1. c4 Nf6 2. Nc3 d5 3. cxd5 Nxd5 4. Nf3 g6 5. e4 Nb6 6. d4 Bg7 7. Be3 O-O 8. h3
Nc6 9. Be2 e5 10. d5 Ne7 11. Bc5 Bd7 12. d6 cxd6 13. Bxd6 Be6 14. Bxe5 Bxe5 15.
Nxe5 Qc7 16. Nf3 Rad8 17. Qc1 Kg7 18. O-O Nc6 19. Nb5 Qe7 20. Qe3 Nc8 21. Nfd4
Nxd4 22. Nxd4 Kg8 23. Nxe6 Qxe6 24. Bg4 Qa6 25. Rfc1 Qb5 26. b3 Qe5 27. f4 Qa5
28. e5 Ne7 29. e6 Nd5 30. Qc5 Qxc5+ 31. Rxc5 b6 32. Rc4 Rfe8 33. exf7+ Kxf7 34.
Bf3 Nf6 35. Rac1 Re7 36. R1c2 Re1+ 37. Kf2 Re7 38. g4 Rdd7 39. g5 Ne8 40. Bg4
Rd5 41. Re2 Rxe2+ 42. Kxe2 Ke7 43. Ke3 a5 44. Rc8 Rc5 45. Kd4 Rxc8 46. Bxc8 Kd6
47. f5 Nc7 48. a4 b5 49. f6 bxa4 50. bxa4 Na8 51. Ba6 Nb6 52. Bb5 Ke6 53. Kc5
Nc8 54. Be2 Nd6 55. f7 1-0

[Event "N�-LL 2007_08"]
[Site "?"]
[Date "2008.04.13"]
[Round "12"]
[White "Brychta, David"]
[Black "Posch, Werner"]
[Result "0-1"]
[WhiteElo "2160"]
[BlackElo "2173"]
[Annotator "Waidhofen : Wr.Neustadt"]
[PlyCount "80"]
[EventDate "2007.10.10"]
[SourceDate "2008.04.16"]

1. Nf3 Nf6 2. c4 Nc6 3. g3 e5 4. d3 Bc5 5. Bg2 d6 6. O-O O-O 7. Nc3 h6 8. a3 a5
9. Rb1 Be6 10. Bd2 Qd7 11. Re1 Bh3 12. Bh1 Ng4 13. e3 f5 14. Qc2 f4 15. Nd5
fxg3 16. hxg3 a4 17. b4 axb3 18. Rxb3 Ra7 19. Reb1 b6 20. Nb4 Bxb4 21. axb4 e4
22. dxe4 Nce5 23. Nxe5 Nxe5 24. f4 Qg4 25. Kf2 Qh5 26. Rc3 Be6 27. Kg1 Nf3+ 28.
Bxf3 Qxf3 29. Be1 Bh3 30. c5 Rfa8 31. Kh2 Ra2 32. Rb2 Ra1 33. Qf2 Qh5 34. g4
Bxg4+ 35. Qh4 Rxe1 36. Qxh5 Bxh5 37. cxd6 cxd6 38. Rd2 Bf3 39. Rxd6 Bxe4 40.
Rxb6 Ra2+ 0-1

[Event "N�-LL 2007_08"]
[Site "?"]
[Date "2008.04.13"]
[Round "12"]
[White "Wiedner, Robert"]
[Black "Rosenauer, Harald"]
[Result "1-0"]
[WhiteElo "2141"]
[BlackElo "1981"]
[Annotator "Waidhofen : Wr.Neustadt"]
[PlyCount "55"]
[EventDate "2007.10.10"]
[SourceDate "2008.04.16"]

1. Nf3 Nf6 2. g3 g6 3. Bg2 Bg7 4. c4 O-O 5. Nc3 d6 6. b3 c5 7. Bb2 Nc6 8. O-O
Rb8 9. d4 cxd4 10. Nxd4 Ne5 11. Qd2 a6 12. Rac1 Bd7 13. h3 h5 14. Nd5 Nxd5 15.
cxd5 Bc8 16. Rc2 Nd7 17. Bc3 Qb6 18. e3 Nf6 19. Ba5 Qa7 20. Rc7 Bd7 21. Nc6
Bxc6 22. dxc6 d5 23. Qb4 Rfe8 24. cxb7 e6 25. Qb6 Qxb6 26. Bxb6 Ne4 27. Bxe4
dxe4 28. Ba7 1-0

[Event "N�-LL 2007_08"]
[Site "?"]
[Date "2008.04.13"]
[Round "12"]
[White "Illner, Gerhard"]
[Black "Giessmann, Andreas"]
[Result "1/2-1/2"]
[WhiteElo "2031"]
[BlackElo "2051"]
[Annotator "Waidhofen : Wr.Neustadt"]
[PlyCount "65"]
[EventDate "2007.10.10"]
[SourceDate "2008.04.16"]

1. d4 Nf6 2. Nf3 b6 3. g3 e6 4. Bg2 Be7 5. c4 Bb7 6. Nc3 O-O 7. Qc2 d5 8. cxd5
exd5 9. O-O Nbd7 10. Bf4 Nh5 11. Be3 g6 12. Rfd1 Ng7 13. Rac1 Ne6 14. Qb3 c6
15. Bh6 Re8 16. e4 Nf6 17. Ne5 Rc8 18. exd5 cxd5 19. Bh3 Bd6 20. Ng4 Be7 21.
Be3 Ne4 22. Nh6+ Kg7 23. Nxe4 Rxc1 24. Rxc1 dxe4 25. Bxe6 fxe6 26. Qxe6 Bd5 27.
Qe5+ Bf6 28. Qf4 g5 29. Nf5+ Kg6 30. Qg4 Be6 31. Nh4+ Kg7 32. Nf5+ Kg6 33. Nh4+
1/2-1/2

[Event "N�-LL 2007/08"]
[Site "?"]
[Date "2008.04.13"]
[Round "12"]
[White "Kleiser, Gregor"]
[Black "Hangweyrer, Manfred"]
[Result "1/2-1/2"]
[WhiteElo "2302"]
[BlackElo "2372"]
[Annotator "Stockerau-Niederabsdorf"]
[PlyCount "39"]
[EventDate "2008.04.13"]
[SourceDate "2008.04.13"]

1. d4 d5 2. c4 c6 3. Nf3 Nf6 4. cxd5 cxd5 5. Nc3 Nc6 6. Bf4 Bf5 7. e3 e6 8. Bd3
Bxd3 9. Qxd3 Bd6 10. Bxd6 Qxd6 11. O-O O-O 12. Rfc1 Rfc8 13. Qb5 a6 14. Qe2 Ne7
15. Rc2 Rc7 16. Rac1 Rac8 17. Nd1 Rxc2 18. Rxc2 Rxc2 19. Qxc2 Qc6 20. Qxc6
1/2-1/2

[Event "N�-LL 2007/08"]
[Site "?"]
[Date "2008.04.13"]
[Round "12"]
[White "Groetz, Harald"]
[Black "Wolfram, Dominik"]
[Result "1-0"]
[WhiteElo "2321"]
[BlackElo "2302"]
[Annotator "Stockerau-Niederabsdorf"]
[PlyCount "69"]
[EventDate "2008.04.13"]
[SourceDate "2008.04.13"]

1. e4 c5 2. Nf3 Nc6 3. d4 cxd4 4. Nxd4 g6 5. c4 Bg7 6. Be3 Nf6 7. Nc3 O-O 8.
Be2 d6 9. O-O Nxd4 10. Bxd4 Nd7 11. Be3 Nc5 12. Bd4 Bd7 13. Bxg7 Kxg7 14. b4
Ne6 15. Nd5 Bc6 16. f4 a5 17. f5 Bxd5 18. exd5 Nc7 19. Qd4+ Kg8 20. fxg6 hxg6
21. a3 e5 22. dxe6 Nxe6 23. Qd2 Qb6+ 24. Kh1 Nd4 25. Rab1 axb4 26. axb4 Ra4 27.
Bd3 Nc6 28. Bxg6 Qd4 29. Bd3 Ra3 30. Rf3 f5 31. Re1 f4 32. b5 Ra1 33. bxc6
Rxe1+ 34. Qxe1 Ra8 35. cxb7 1-0

[Event "N�-LL 2007/08"]
[Site "?"]
[Date "2008.04.13"]
[Round "12"]
[White "Teuber, Andreas"]
[Black "Schmid, Thomas"]
[Result "0-1"]
[WhiteElo "2156"]
[BlackElo "2201"]
[Annotator "Stockerau-Niederabsdorf"]
[PlyCount "68"]
[EventDate "2008.04.13"]
[SourceDate "2008.04.13"]

1. d4 Nf6 2. Nf3 g6 3. c4 Bg7 4. Nc3 O-O 5. e4 d6 6. Be2 e5 7. O-O Nc6 8. d5
Ne7 9. b4 a5 10. Ba3 axb4 11. Bxb4 Nd7 12. a4 Bh6 13. a5 f5 14. exf5 gxf5 15.
Na4 Nf6 16. c5 Ng6 17. cxd6 cxd6 18. Nb6 Rb8 19. Nd2 Ne8 20. Bb5 Nc7 21. Ba4
Na6 22. Ba3 Rf7 23. Ndc4 Bf8 24. Rc1 Rc7 25. Bc2 Qf6 26. Nxc8 Rbxc8 27. Nb6 Rd8
28. Qh5 Nf4 29. Qf3 Bh6 30. Bb2 Rg7 31. g3 Nh3+ 32. Kh1 Bxc1 33. Bxc1 f4 34.
Qd3 fxg3 0-1

[Event "N�-LL 2007/08"]
[Site "?"]
[Date "2008.04.13"]
[Round "12"]
[White "Sadilek, Maximilian"]
[Black "Wiedermann, Daniel"]
[Result "1/2-1/2"]
[WhiteElo "2107"]
[BlackElo "2201"]
[Annotator "Stockerau-Niederabsdorf"]
[PlyCount "30"]
[EventDate "2008.04.13"]
[SourceDate "2008.04.13"]

1. e4 c5 2. Nf3 e6 3. d4 cxd4 4. Nxd4 Nc6 5. Nc3 Qc7 6. Be2 a6 7. O-O Nf6 8.
Be3 Bb4 9. Nxc6 bxc6 10. Qd4 c5 11. Qc4 Bb7 12. Bf3 Qe5 13. Bd2 O-O 14. Rfe1
Rac8 15. Rad1 h6 1/2-1/2

[Event "N�-LL 2007_08"]
[Site "?"]
[Date "2008.04.13"]
[Round "12"]
[White "Kummer, Helmut"]
[Black "Heimberger, Reinhard"]
[Result "1/2-1/2"]
[WhiteElo "2324"]
[BlackElo "2229"]
[Annotator "B�hlerwerk : B.V�slau/Kottingbrunn"]
[PlyCount "135"]
[EventDate "2007.10.10"]
[SourceDate "2008.04.16"]

1. d4 d5 2. c4 e6 3. Nc3 Nf6 4. Bg5 c6 5. e3 Nbd7 6. Nf3 Qa5 7. cxd5 Nxd5 8.
Qd2 N7f6 9. Bd3 Nxc3 10. bxc3 Nd5 11. e4 Qxc3 12. Qxc3 Nxc3 13. a4 b5 14. axb5
f6 15. Bd2 Nxb5 16. O-O a6 17. d5 Bd7 18. Rfb1 Bd6 19. dxe6 Bxe6 20. Bxb5 cxb5
21. Rxb5 Ke7 22. Rb7+ Bd7 23. Nd4 g6 24. Bb4 Bxb4 25. Nc6+ Kd6 26. Nxb4 Bb5 27.
Nxa6 Bxa6 28. Rb6+ Ke5 29. Raxa6 Rxa6 30. Rxa6 Rb8 31. f3 f5 32. exf5 Kxf5 33.
Kf2 Rb2+ 34. Kg3 Rb3 35. Ra7 h5 36. h4 Rb2 37. Rf7+ Ke6 38. Rf8 Rb4 39. Kh3 Ke7
40. Ra8 Kf6 41. Ra3 Rb1 42. g4 hxg4+ 43. fxg4 Rb4 44. Ra6+ Kg7 45. Ra7+ Kg8 46.
Kg3 Rc4 47. Kf3 Kf8 48. Rh7 Ra4 49. Rd7 Rb4 50. Rd3 Kf7 51. Re3 Kf6 52. Re4
Rb3+ 53. Kf4 Rb5 54. Rc4 Ra5 55. Rc6+ Kf7 56. Rc7+ Kf8 57. Rd7 Rb5 58. g5 Rf5+
59. Ke4 Rf1 60. Ke5 Kg8 61. Rd4 Kg7 62. Rf4 Re1+ 63. Kd5 Rd1+ 64. Ke5 Re1+ 65.
Re4 Rf1 66. Ke6 Rf2 67. Ke7 Rf1 68. Ke6 1/2-1/2

[Event "N�-LL 2007_08"]
[Site "?"]
[Date "2008.04.13"]
[Round "12"]
[White "Dornauer, Joachim"]
[Black "Lampl, Gerald"]
[Result "1/2-1/2"]
[WhiteElo "2103"]
[BlackElo "2094"]
[Annotator "B�hlerwerk : B.V�slau/Kottingbrunn"]
[PlyCount "54"]
[EventDate "2007.10.10"]
[SourceDate "2008.04.16"]

1. d4 Nf6 2. Nf3 g6 3. c4 Bg7 4. Nc3 d6 5. e4 O-O 6. Be2 e5 7. O-O exd4 8. Nxd4
Re8 9. f3 Nc6 10. Be3 Nh5 11. Qd2 Nxd4 12. Bxd4 Nf4 13. Rfd1 Qg5 14. Bf1 Bxd4+
15. Qxd4 Qc5 16. Nd5 Nxd5 17. cxd5 Qxd4+ 18. Rxd4 Bd7 19. Rc1 Rec8 20. Rdc4 c6
21. dxc6 Rxc6 22. Rxc6 Bxc6 23. Rd1 Rd8 24. Bc4 Kf8 25. Kf2 Ke7 26. Ke3 Rc8 27.
Bb3 Bd7 1/2-1/2

[Event "N�-LL 2007_08"]
[Site "?"]
[Date "2008.04.13"]
[Round "12"]
[White "Eberl, Hans Christian"]
[Black "Brehovsky, Paul"]
[Result "1/2-1/2"]
[WhiteElo "2092"]
[BlackElo "2100"]
[Annotator "B�hlerwerk : B.V�slau/Kottingbrunn"]
[PlyCount "24"]
[EventDate "2007.10.10"]
[SourceDate "2008.04.16"]

1. e4 e6 2. d4 d5 3. e5 c5 4. c3 Nc6 5. Nf3 Qb6 6. Be2 cxd4 7. cxd4 Nh6 8. Bd3
Bd7 9. Bc2 Nf5 10. Bxf5 exf5 11. Nc3 Be6 12. O-O Rc8 1/2-1/2

[Event "N�-LL 2007_08"]
[Site "?"]
[Date "2008.04.13"]
[Round "12"]
[White "Brandst�tter, Friedrich"]
[Black "Zojer, Thomas"]
[Result "1/2-1/2"]
[WhiteElo "2055"]
[BlackElo "2114"]
[Annotator "B�hlerwerk : B.V�slau/Kottingbrunn"]
[PlyCount "64"]
[EventDate "2007.10.10"]
[SourceDate "2008.04.16"]

1. e4 c5 2. Nf3 Nc6 3. d4 cxd4 4. Nxd4 Nf6 5. Nc3 e5 6. Ndb5 d6 7. a4 a6 8. Na3
Be6 9. Bg5 Be7 10. Bc4 O-O 11. Bxf6 Bxf6 12. O-O Rc8 13. Nd5 Bg5 14. c3 Kh8 15.
Qd3 g6 16. Rad1 Bg4 17. f3 Be6 18. Kh1 Na5 19. Ba2 Bf4 20. g3 Bg5 21. Nc2 b5
22. axb5 axb5 23. f4 Bh6 24. Nce3 exf4 25. gxf4 Rb8 26. b4 Nc6 27. Qe2 Qh4 28.
Qf3 f5 29. exf5 Bxf5 30. Nxf5 Rxf5 31. Qg3 Qd8 32. Ne3 Rh5 1/2-1/2

[Event "N�-LL 2007_08"]
[Site "?"]
[Date "2008.04.13"]
[Round "12"]
[White "Penz, Harald"]
[Black "Mahdy, Khaled"]
[Result "1/2-1/2"]
[WhiteElo "2329"]
[BlackElo "2396"]
[Annotator "Krems : Mauerbach"]
[PlyCount "61"]
[EventDate "2007.10.10"]
[SourceDate "2008.04.17"]

1. e4 e5 2. Nf3 Nc6 3. d4 exd4 4. c3 d5 5. exd5 Qxd5 6. cxd4 Bg4 7. Be2 Bb4+ 8.
Nc3 Bxf3 9. Bxf3 Qc4 10. Qb3 Qxb3 11. axb3 Nxd4 12. Bxb7 Rb8 13. Rxa7 Ne7 14.
Be4 Nb5 15. Ra8 Rxa8 16. Bxa8 Kd7 17. Bf3 Nxc3 18. bxc3 Bxc3+ 19. Ke2 Be5 20.
Rd1+ Ke6 21. Be4 Bd6 22. Bb2 f6 23. Ra1 Kd7 24. Kd2 Rb8 25. Kc2 Rb5 26. Ra4 Be5
27. Ba3 Bd6 28. Rd4 Nc6 29. Bxc6+ Kxc6 30. Bxd6 cxd6 31. b4 1/2-1/2

[Event "N�-LL 2007/08"]
[Site "?"]
[Date "2008.04.13"]
[Round "12"]
[White "Winiwarter, Felix"]
[Black "Neumaier, Klaus"]
[Result "0-1"]
[WhiteElo "2147"]
[BlackElo "2289"]
[Annotator "Krems : Mauerbach"]
[PlyCount "100"]
[EventDate "2007.10.10"]
[SourceDate "2008.04.17"]

1. e4 e5 2. Nf3 Nc6 3. Bb5 a6 4. Ba4 Nf6 5. O-O Be7 6. Re1 b5 7. Bb3 O-O 8. d4
Nxd4 9. Nxd4 exd4 10. e5 Ne8 11. c3 dxc3 12. Nxc3 d6 13. Qf3 Rb8 14. Bf4 dxe5
15. Rad1 Bd6 16. Bxe5 Bb7 17. Qg3 Qd7 18. Qf4 Bxe5 19. Rxe5 Nd6 20. Bc2 Rbe8
21. Rg5 f6 22. Rg3 Nf5 23. h4 Nd6 24. h5 Kh8 25. h6 g6 26. Nd5 Bxd5 27. Rxd5
Qe6 28. Qd4 Qe1+ 29. Kh2 Qc1 30. Qd3 Re1 31. Rgg5 Qf4+ 32. Rg3 Qxf2 33. Qd4
Qxd4 34. Rxd4 Rfe8 35. Rf3 f5 36. Rc3 R8e4 37. Rxd6 cxd6 38. Rc8+ Re8 39. Rc6
R1e6 40. Bb3 Rf6 41. Rxa6 g5 42. Rb6 Rxh6+ 43. Kg3 Re5 44. Rb8+ Kg7 45. Rb7+
Kf8 46. Rf7+ Ke8 47. Rg7 f4+ 48. Kf3 Rh4 49. Bc2 Re3+ 50. Kf2 g4 0-1

[Event "N�-LL 2007_08"]
[Site "?"]
[Date "2008.04.13"]
[Round "12"]
[White "Ponjican, Erich"]
[Black "W�ber, Friedrich"]
[Result "1/2-1/2"]
[WhiteElo "2160"]
[BlackElo "2103"]
[Annotator "Krems : Mauerbach"]
[PlyCount "30"]
[EventDate "2007.10.10"]
[SourceDate "2008.04.17"]

1. e4 e5 2. Nf3 f5 3. Nxe5 Qf6 4. d4 d6 5. Nc4 fxe4 6. Nc3 Qg6 7. Bf4 Nf6 8.
Bg3 Be7 9. Be2 O-O 10. O-O Nbd7 11. a4 Nb6 12. Ne3 a5 13. d5 Bd7 14. Nb5 Bxb5
15. axb5 Nfd7 1/2-1/2

[Event "N�-LL 2007_08"]
[Site "?"]
[Date "2008.04.13"]
[Round "12"]
[White "Polsterer, Heinz"]
[Black "Schorn, Christoph"]
[Result "0-1"]
[WhiteElo "2001"]
[BlackElo "2154"]
[Annotator "Krems : Mauerbach"]
[PlyCount "156"]
[EventDate "2007.10.10"]
[SourceDate "2008.04.17"]

1. e4 c5 2. Nf3 d6 3. Bb5+ Nd7 4. O-O Ngf6 5. Re1 a6 6. Bf1 e6 7. d4 cxd4 8.
Nxd4 Be7 9. c4 O-O 10. Nc3 Qc7 11. a4 b6 12. Be3 Bb7 13. f3 Rfd8 14. Rb1 Bf8
15. b4 d5 16. exd5 exd5 17. Nxd5 Nxd5 18. cxd5 Bxd5 19. Bg5 Nf6 20. Qc2 Qxc2
21. Nxc2 a5 22. bxa5 Rxa5 23. Bb5 Rc8 24. Ne3 Bc6 25. Nf5 Bxb5 26. axb5 Nd5 27.
Be7 Rc2 28. Rbd1 Nxe7 29. Nxe7+ Bxe7 30. Rxe7 g6 31. Re5 Raa2 32. Rg5 h6 33.
Rg4 Rab2 34. h4 Rxb5 35. Rd8+ Kg7 36. Rb8 Rcc5 37. Rd4 Rb2 38. Rb7 h5 39. Rdd7
Rf5 40. Rd6 b5 41. Rdb6 Rc5 42. Rb8 Rcc2 43. Rxb5 Rxg2+ 44. Kh1 Rh2+ 45. Kg1
Rxb5 46. Rxb5 Rxh4 47. Kg2 Rd4 48. Rc5 Kf6 49. Ra5 g5 50. Rb5 Rd6 51. Ra5 Re6
52. Kf2 Re5 53. Ra7 Rb5 54. Kg3 Kg6 55. Rc7 f6 56. Ra7 Kf5 57. Ra6 h4+ 58. Kg2
Rb2+ 59. Kh3 Rf2 60. Ra5+ Kf4 61. Ra4+ Kxf3 62. Ra3+ Kf4 63. Ra4+ Kf5 64. Ra5+
Kg6 65. Ra4 Rf3+ 66. Kg2 Rd3 67. Kh2 f5 68. Ra6+ Kh5 69. Ra4 g4 70. Ra5 Kg5 71.
Ra4 Rd2+ 72. Kg1 g3 73. Ra3 Kg4 74. Kh1 h3 75. Ra1 f4 76. Rb1 Kf3 77. Rf1+ Ke2
78. Rg1 Rd1 0-1

[Event "N�-LL 2007_08"]
[Site "?"]
[Date "2008.04.13"]
[Round "12"]
[White "Rumpl, Erwin"]
[Black "Denk, Adolf"]
[Result "0-1"]
[WhiteElo "2286"]
[BlackElo "2259"]
[Annotator "St.P�lten : Amstetten"]
[PlyCount "70"]
[EventDate "2007.10.10"]
[SourceDate "2008.04.17"]

1. Nf3 Nf6 2. g3 c5 3. Bg2 g6 4. O-O Bg7 5. c4 O-O 6. Nc3 Nc6 7. d4 cxd4 8.
Nxd4 d6 9. Nxc6 bxc6 10. Bxc6 Rb8 11. Bg2 Be6 12. Qd3 Ng4 13. b3 Qa5 14. Bd2
Qh5 15. h4 h6 16. Rad1 g5 17. Nd5 Rbe8 18. f3 Ne5 19. Qe3 Nc6 20. Qe4 Bxd5 21.
cxd5 Nd4 22. g4 f5 23. Qe6+ Nxe6 24. gxh5 Nf4 25. hxg5 hxg5 26. e4 fxe4 27.
fxe4 Rc8 28. Bxf4 gxf4 29. Bh3 Rc3 30. Be6+ Kh8 31. Bf5 Be5 32. Kg2 Kg7 33. Rf3
Rc2+ 34. Rf2 Rc3 35. Rdd2 Kh6 {Rest nicht lesbar} 0-1

[Event "N�-LL 2007_08"]
[Site "?"]
[Date "2008.04.13"]
[Round "12"]
[White "Ganaus, Hannes"]
[Black "Gugler, Edgar"]
[Result "1-0"]
[WhiteElo "2340"]
[BlackElo "2144"]
[Annotator "St.P�lten : Amstetten"]
[PlyCount "73"]
[EventDate "2007.10.10"]
[SourceDate "2008.04.18"]

1. Nf3 Nf6 2. d4 d5 3. c4 c6 4. Qc2 g6 5. cxd5 cxd5 6. Bf4 Nc6 7. e3 Bg7 8. Nc3
O-O 9. Be2 Bf5 10. Qb3 Qb6 11. Qxb6 axb6 12. O-O Rfc8 13. h3 Nb4 14. g4 Bc2 15.
a3 Nd3 16. g5 Nxf4 17. exf4 Nh5 18. Nxd5 Rd8 19. Nxb6 Nxf4 20. Rfe1 Ra5 21. Bf1
Bxd4 22. Nxd4 Rxg5+ 23. Kh2 Rxd4 24. Nc4 Bd3 25. Re5 Bf5 26. Rc1 h6 27. Rxe7
Bd3 28. Ne5 Rxe5 29. Rxe5 Bxf1 30. Rxf1 Rd2 31. Kg3 Nh5+ 32. Kf3 Rxb2 33. Rd1
Nf6 34. Rd3 Kg7 35. Ree3 Rc2 36. Rc3 Ra2 37. Red3 {Rest nicht lesbar} 1-0

[Event "N�-LL 2007_08"]
[Site "?"]
[Date "2008.04.13"]
[Round "12"]
[White "Wadsack, Wolfgang"]
[Black "R�hrl, Karl"]
[Result "0-1"]
[WhiteElo "2210"]
[BlackElo "2221"]
[Annotator "St.P�lten : Amstetten"]
[PlyCount "74"]
[EventDate "2007.10.10"]
[SourceDate "2008.04.18"]

1. e4 c5 2. c3 b6 3. d4 Bb7 4. Bd3 e6 5. Nf3 Ne7 6. O-O Ng6 7. d5 e5 8. c4 d6
9. Nc3 Be7 10. Ne2 O-O 11. Ng3 Bc8 12. Nf5 Nd7 13. Qe2 Nf6 14. h3 Bxf5 15. exf5
Nf4 16. Bxf4 exf4 17. Rfe1 Re8 18. Qd2 Nh5 19. Re4 Bf6 20. Rae1 Rxe4 21. Rxe4
Qd7 22. Qe2 Kf8 23. Nh4 g6 24. Qg4 Bxh4 25. Qxh4 Re8 26. fxg6 hxg6 27. Qg5 Rxe4
28. Qh6+ Kg8 29. Bxe4 Qe8 30. Bf3 Qe1+ 31. Kh2 Ng3 32. Qxf4 Nf1+ 33. Kg1 Nd2+
34. Kh2 Qxf2 35. Qg4 Kg7 36. Bd1 Nf1+ 37. Kh1 Qe1 0-1